[Event "Damhus-ch C"]
[Site "Rodovre"]
[Date "2011.10.04"]
[Round "5"]
[White "Hein, Jacob"]
[Black "Johansen, Erik"]
[Result "0-1"]
[WhiteElo "1488"]
[BlackElo "1492"]
[PlyCount "73"]
[EventDate "2011.09.06"]
[EventType "tourn"]
[EventRounds "7"]
[EventCountry "DEN"]
[SourceTitle "EXT 2023"]
[Source "ChessBase"]
[SourceDate "2022.10.05"]
[SourceVersion "1"]
[SourceVersionDate "2022.10.05"]
[SourceQuality "1"]

1. c4 c5 2. Nf3 g6 3. g3 Bg7 4. Bg2 Nf6 5. Nc3 0-0 6. 0-0 d6 7. a3 Nc6 8. d4 cxd4 9. Nxd4 Nxd4 10. Qxd4 Nd7 11. Qd2 Nc5 12. Ra2 Rb8 13. b4 Nb3 14. Qd1 Nxc1 15. Qxc1 Bd7 16. e4 Rc8 17. Nd5 e6 18. Ne3 Bb5 19. Rd2 Qc7 20. a4 Bxa4 21. Qa3 b5 22. Rc1 Qb6 23. c5 dxc5 24. Rxc5 Rxc5 25. bxc5 Qa5 26. Qc1 Rc8 27. c6 Bc3 28. Rd7 Rxc6 29. e5 Rc7 30. Rd8+ Kg7 31. Ng4 Bd2 32. Qa3 Rc1+ 33. Qxc1 Bxc1 34. Rc8 Bb2 35. Rb8 Qe1+ 36. Bf1 Bd4 37. Kg2 0-1

[Event "Damhus-ch C"]
[Site "Rodovre"]
[Date "2011.09.27"]
[Round "4"]
[White "Johansen, Erik"]
[Black "Nielsen, Kurt Sogaard"]
[Result "0-1"]
[WhiteElo "1492"]
[BlackElo "1489"]
[PlyCount "90"]
[EventDate "2011.09.06"]
[EventType "tourn"]
[EventRounds "7"]
[EventCountry "DEN"]
[SourceTitle "EXT 2023"]
[Source "ChessBase"]
[SourceDate "2022.10.05"]
[SourceVersion "1"]
[SourceVersionDate "2022.10.05"]
[SourceQuality "1"]

1. e4 c5 2. Nf3 Nc6 3. d4 cxd4 4. Nxd4 Nf6 5. Nc3 a6 6. Bg5 d6 7. Be2 e6 8. 0-0 Be7 9. Be3 0-0 10. a4 Qc7 11. Nb3 Rd8 12. a5 Qd7 13. Bb6 Rf8 14. f4 Bd8 15. Be3 Bc7 16. Bd3 Nb4 17. Be2 Qd8 18. f5 exf5 19. exf5 Nc6 20. Bg5 Qe7 21. Nd5 Qd8 22. Bd3 Ne5 23. h3 Ned7 24. Nd2 Bxa5 25. Ne4 Bb6+ 26. Kh1 Bd4 27. c3 Be5 28. Qb3 b5 29. c4 Bb7 30. Nexf6+ gxf6 31. Be3 Bxd5 32. cxd5 Nc5 33. Bxc5 dxc5 34. Be4 Qd6 35. Rab1 Kh8 36. Rf3 Rg8 37. g4 Rge8 38. Qc2 Re7 39. Re1 Rae8 40. Rfe3 Bd4 41. R3e2 Qg3 42. Bg2 Be5 43. Bf1 Qf3+ 44. Bg2 Qf4 45. Qxc5 Qh2# 0-1

[Event "Amager CC-ch"]
[Site "Amager"]
[Date "2011.02.15"]
[Round "3"]
[White "Johansen, Erik"]
[Black "Brorsen, Kristian"]
[Result "1-0"]
[WhiteElo "1589"]
[BlackElo "1200"]
[PlyCount "25"]
[EventDate "2011.01.25"]
[EventType "swiss"]
[EventRounds "7"]
[EventCountry "DEN"]
[SourceTitle "EXT 2023"]
[Source "ChessBase"]
[SourceDate "2022.10.05"]
[SourceVersion "1"]
[SourceVersionDate "2022.10.05"]
[SourceQuality "1"]

1. e4 c5 2. Nf3 g6 3. d4 e6 4. d5 Nf6 5. Nc3 exd5 6. exd5 Qe7+ 7. Be2 Bg7 8. d6 Qe6 9. Nb5 Nd5 10. c4 Kd8 11. cxd5 Qg4 12. 0-0 f6 13. Ne5 1-0

[Event "Amager Spring C"]
[Site "Amager"]
[Date "2010.06.01"]
[Round "4"]
[White "Justesen, Martin"]
[Black "Johansen, Erik"]
[Result "1-0"]
[WhiteElo "1589"]
[BlackElo "1580"]
[PlyCount "49"]
[EventDate "2010.05.11"]
[EventType "tourn"]
[EventRounds "5"]
[EventCountry "DEN"]
[SourceTitle "EXT 2023"]
[Source "ChessBase"]
[SourceDate "2022.10.05"]
[SourceVersion "1"]
[SourceVersionDate "2022.10.05"]
[SourceQuality "1"]

1. d4 Nf6 2. c4 e6 3. Nc3 c5 4. d5 d6 5. e4 exd5 6. exd5 Be7 7. Nf3 0-0 8. Be2 Nbd7 9. 0-0 Ng4 10. h3 Nge5 11. Nxe5 Nxe5 12. f4 Ng6 13. Bd3 f5 14. Bd2 Bh4 15. a3 Qf6 16. Ne2 Re8 17. Bc3 Qd8 18. Rf3 Bd7 19. Ng3 Bxg3 20. Rxg3 Qh4 21. Qf3 Re7 22. Bd2 Rae8 23. Rg5 Rf7 24. g3 Qxh3 25. Bf1 1-0

[Event "Amager CC-ch"]
[Site "Amager"]
[Date "2010.01.19"]
[Round "1"]
[White "Nielsen, Mogens Bach"]
[Black "Johansen, Erik"]
[Result "1-0"]
[WhiteElo "1727"]
[BlackElo "1508"]
[PlyCount "143"]
[EventDate "2010.01.19"]
[EventType "swiss"]
[EventRounds "7"]
[EventCountry "DEN"]
[SourceTitle "EXT 2023"]
[Source "ChessBase"]
[SourceDate "2022.10.05"]
[SourceVersion "1"]
[SourceVersionDate "2022.10.05"]
[SourceQuality "1"]

1. c4 c5 2. Nc3 Nf6 3. g3 Nc6 4. Bg2 d6 5. e3 e5 6. Nge2 Be7 7. d4 cxd4 8. exd4 0-0 9. d5 Nb4 10. a3 Na6 11. Qc2 Bd7 12. 0-0 Rc8 13. b3 b5 14. cxb5 Bxb5 15. Bb2 Qb6 16. Rab1 Nc5 17. Nxb5 Qxb5 18. b4 Nd3 19. Qb3 Nxb2 20. Rxb2 Qc4 21. a4 e4 22. Rd1 Nd7 23. Qe3 Bf6 24. Rbb1 Qa6 25. a5 Ne5 26. Bxe4 Ng4 27. Qd3 Qxd3 28. Bxd3 Ne5 29. Ba6 Rc2 30. Nd4 Ra2 31. h3 h5 32. f4 Ng6 33. Bc4 Ra3 34. Kf2 h4 35. Rb3 hxg3+ 36. Kxg3 Bh4+ 37. Kf3 Ra2 38. Ne2 Re8 39. Rc3 Rb2 40. b5 Rb8 41. Rdc1 Bf6 42. R3c2 Rb4 43. Ng3 Bd8 44. a6 Nh4+ 45. Ke2 f5 46. Kd3 Bf6 47. Nh5 Be7 48. Kc3 Ra4 49. Re1 Kf8 50. Nxg7 Bf6+ 51. Kb3 Rxa6 52. Ne6+ Kf7 53. Nc7 Rab6 54. Ra2 R6b7 55. Na6 Rd8 56. Nb4 Nf3 57. Rd1 Rdd7 58. Nc6 Nh4 59. Bd3 Ng6 60. Kc4 Nh4 61. Rf1 Rdc7 62. Ra5 Kf8 63. Rf2 Kf7 64. Rfa2 Ng6 65. Bxf5 Nxf4 66. Rxa7 Nxd5 67. Rxb7 Ne3+ 68. Kd3 Rxb7 69. Kxe3 Rxb5 70. Ra7+ Kg8 71. Be6+ Kh8 72. Kf4 1-0

[Event "Rodovre-ch A"]
[Site "Rodovre"]
[Date "2005.10.20"]
[Round "6"]
[White "Johansen, Erik"]
[Black "Rubin, Jacob"]
[Result "0-1"]
[WhiteElo "1610"]
[BlackElo "1731"]
[PlyCount "48"]
[EventDate "2005.09.06"]
[EventType "tourn"]
[EventRounds "7"]
[EventCountry "DEN"]
[SourceTitle "EXT 2023"]
[Source "ChessBase"]
[SourceDate "2022.10.05"]
[SourceVersion "1"]
[SourceVersionDate "2022.10.05"]
[SourceQuality "1"]

1. e4 c6 2. d4 e6 3. Nf3 Be7 4. Nc3 d6 5. a4 h6 6. Bd3 Nd7 7. 0-0 e5 8. dxe5 dxe5 9. Bc4 Qc7 10. Ne2 Nb6 11. Bb3 Bg4 12. Nc3 Rd8 13. Qe2 Nf6 14. a5 Nbd7 15. Be3 Bc5 16. Bxf7+ Kxf7 17. Bxc5 Nxc5 18. Qc4+ Ne6 19. Ne2 Rhe8 20. c3 Kf8 21. Nh4 Qf7 22. f3 Bh5 23. Ng3 Qe7 24. b4 Bf7 0-1

[Event "Rodovre-ch B"]
[Site "Rodovre"]
[Date "2004.09.14"]
[Round "3"]
[White "Johansen, Erik"]
[Black "Christensen, Henning"]
[Result "0-1"]
[WhiteElo "1493"]
[BlackElo "1636"]
[PlyCount "56"]
[EventDate "2004.08.31"]
[EventType "tourn"]
[EventRounds "7"]
[EventCountry "DEN"]
[SourceTitle "EXT 2023"]
[Source "ChessBase"]
[SourceDate "2022.10.05"]
[SourceVersion "1"]
[SourceVersionDate "2022.10.05"]
[SourceQuality "1"]

1. e4 e5 2. Nf3 Nc6 3. Bb5 Bc5 4. 0-0 Nge7 5. c3 Bb6 6. d4 exd4 7. cxd4 d5 8. exd5 Nxd5 9. Nc3 0-0 10. Bxc6 bxc6 11. Ne5 Bb7 12. Na4 Re8 13. Nxb6 cxb6 14. Re1 f6 15. Nf3 Qd7 16. Bd2 Rxe1+ 17. Qxe1 a5 18. Qe4 Re8 19. Qh4 Ne7 20. Re1 c5 21. Qg3 cxd4 22. Nxd4 Qxd4 23. Bc3 Qd8 24. Bxf6 Ng6 25. Qb3+ Kh8 26. Rxe8+ Qxe8 27. Bc3 Qe4 28. f3 Qe3+ 0-1

[Event "Rodovre-ch B"]
[Site "Rodovre"]
[Date "2004.08.31"]
[Round "1"]
[White "Johansen, Erik"]
[Black "Rohder, Bjarne"]
[Result "1-0"]
[WhiteElo "1493"]
[BlackElo "1609"]
[PlyCount "73"]
[EventDate "2004.08.31"]
[EventType "tourn"]
[EventRounds "7"]
[EventCountry "DEN"]
[SourceTitle "EXT 2023"]
[Source "ChessBase"]
[SourceDate "2022.10.05"]
[SourceVersion "1"]
[SourceVersionDate "2022.10.05"]
[SourceQuality "1"]

1. e4 c5 2. Nf3 d6 3. Nc3 Nf6 4. h3 Nc6 5. d4 cxd4 6. Nxd4 e5 7. Nb3 Be7 8. Be3 Be6 9. Be2 a6 10. 0-0 b5 11. a3 0-0 12. f3 Nh5 13. Qd2 Ng3 14. Rfd1 f5 15. Bf2 f4 16. Bf1 Rc8 17. Nd5 Bg5 18. Nb6 Bxb3 19. Nxc8 Nxf1 20. Qc3 Bc4 21. Nxd6 Ne3 22. Bxe3 fxe3 23. Nxc4 Nd4 24. Kh1 bxc4 25. Qxc4+ Kh8 26. c3 Qb6 27. cxd4 Qxb2 28. Ra2 Qb8 29. d5 Rc8 30. Qb4 Qa7 31. d6 a5 32. Qb3 Qa6 33. d7 Rd8 34. Rc2 Qa8 35. a4 h5 36. Qb5 Bf6 37. Rdc1 1-0